| 000 | 00586 a2200157 4500 | ||
|---|---|---|---|
| 999 |
_c8023 _d8023 |
||
| 020 | _a9781483383668 | ||
| 050 | _aJS3111 STA 2016 | ||
| 100 |
_a Smith, Kevin B., _d 1963- _eeditor |
||
| 245 |
_aState and Local Government : _b 2015-2016 edition / _cedited by Kevin B. Smith, University of Nebraska-Lincoln. |
||
| 264 |
_aWashington, D.C. ; London : _bCQ Press, an imprint of SAGE, _c2016 |
||
| 300 | _axi, 176 pages ; 23 cm | ||
| 500 | _alncludes index | ||
| 650 | _aState governments -- United States. | ||
| 650 | _a Local government -- United States. | ||
| 942 |
_2lcc _cBK _h3111 _iSTA _kJS |
||